| 000 | 00867nam a2200301Ia 4500 | ||
|---|---|---|---|
| 005 | 20250425161845.0 | ||
| 008 | 250425s9999 xx 000 0 und d | ||
| 020 | _a9684514492 | ||
| 041 | _aspa | ||
| 043 | _amx | ||
| 082 | _a658.048 | ||
| 100 | _aKAST, FREEMONT E. | ||
| 245 | 0 | _aADMINISTRACION EN LAS ORGANIZACIONES: ENFOQUE DE SISTEMAS Y DE CONTIGENCIAS | |
| 250 | _a4A ED. | ||
| 260 |
_aMéxico _bMCGRAW-HILL _c1988 |
||
| 260 | _aS.L. | ||
| 300 | _a754 | ||
| 500 | _aTítulo Traducido: ORGANIZATION& MANAGEMENT: A SYSTEMS AND CONTINGENCY APPROACH | ||
| 650 | _aADMINISTRACION | ||
| 650 | _aANALISIS COMPARATIVO | ||
| 650 | _aESTRUCTURA ORGANIZACIONAL | ||
| 650 | _aORGANIZACION | ||
| 650 | _aSISTEMA DE ADMINISTRACION | ||
| 700 |
_aMARCO ANTONIO MALFAVON MARTINEZ _etraductor |
||
| 710 | _aMCGRAW-HILL | ||
| 942 | _c01 | ||
| 010 | _a32623 | ||
| 999 |
_c217559 _d217559 |
||